Statystyki dla Ośmiotysięczniki

Kliknij tutaj aby rozwiązać quiz!

Ogólne statystyki

  • Ten quiz został rozwiązany 79 razy
  • Średni wynik to 8 z 14

Statystyki odpowiedzi

HintOdpowiedź% Poprawnych
8611 m.n.p.m.K2
98%
8848 m.n.p.m.Mount Everest
98%
8125 m.n.p.m.Nanga Parbat
64%
8516 m.n.p.m.Lhotse
62%
8091 m.n.p.m.Annapurna
57%
8080 m.n.p.m.Gaszerbrum I
47%
8027 m.n.p.m.Gaszerbrum II
47%
8586 m.n.p.m.Kanczendzonga
47%
8485 m.n.p.m.Makalu
47%
8034 m.n.p.m.Broad Peak
45%
8163 m.n.p.m.Manaslu
43%
8051 m.n.p.m.Sziszapangma
43%
8188/8201 m.n.p.m.Czo Oju
42%
8167 m.n.p.m.Dhaulagiri
40%

Rozkład punktacji

Percentyl według liczby udzielonych odpowiedzi

Procent ludzi z każdym wynikiem

Twoja historia wyników

Nie rozwiązałeś tego quizu